Sports Quiz

Random Sports or Country Quiz
Score 0/52 Timer 08:00
0 Plays Today
Date/Competition Team % Correct
12.06.04 | ECSpain
97.7%
10.06.08 | ECSpain
97.7%
26.06.08 | ECSpain
97.7%
16.06.04 | ECPortugal
97%
13.10.04 | WQCPortugal
97%
07.06.13 | WCQPortugal
97%
21.06.17 | CCPortugal
97%
21.03.19 | ECQBelgium
96.5%
14.06.02 | WCBelgium
95.5%
11.10.08 | WCQGermany
95.5%
11.10.09 | WCQGermany
95.5%
17.11.10 | FBelgium
95.5%
22.06.14 | WCBelgium
95.5%
15.11.18 | FGermany
95.5%
12.09.07 | ECQEngland
94%
29.03.16 | FFrance
94%
27.03.18 | FFrance
94%
12.08.09 | FArgentina
93.2%
11.11.17 | FArgentina
93.2%
01.03.06 | FBrazil
92.5%
23.03.18 | FBrazil
92.5%
09.02.05 | FItaly
91%
07.09.10 | ECQSlovakia
91%
15.06.16 | ECSlovakia
91%
25.06.18 | WCUruguay
91%
20.11.18 | NLSweden
91%
Date/Competition Team % Correct
16.06.12 | ECGreece
90.2%
24.06.17 | CCMexico
90.2%
20.06.16 | ECWales
89.5%
01.09.01 | WCQSlovenia
88%
09.06.02 | WCJapan
88%
18.11.09 | WCQSlovenia
88%
15.11.14 | ECQAustria
88%
14.06.15 | ECQAustria
88%
30.05.18 | FAustria
88%
17.11.15 | FCroatia
86.5%
07.02.07 | FNetherlands
84.2%
13.02.02 | FIreland
79.7%
26.03.08 | FRomania
78.2%
23.02.00 | FIsrael
77.4%
20.08.03 | FIsrael
77.4%
17.11.07 | ECQIsrael
77.4%
28.04.04 | FNorway
75.9%
29.03.03 | ECQAlbania
74.4%
01.06.16 | FCzechia
74.4%
30.04.03 | ECQGeorgia
72.9%
17.03.02 | FEstonia
68.4%
09.10.16 | FCosta Rica
67.7%
09.02.11 | FIran
66.9%
14.08.13 | WCQNorthern Ireland
64.7%
24.03.17 | FCôte d'Ivoire
54.9%
10.11.16 | FQatar
54.1%
Remove Ads.
Support Sporcle.
Get the best of Sporcle when you Go Orange. This ad-free experience offers more features, more stats, and more fun while also helping to support Sporcle. Thank you for becoming a member.

You're not logged in!

Compare scores with friends on all Sporcle quizzes.
OR
Log In

Show Comments

Extras

Top Quizzes Today


Score Distribution

Your Account Isn't Verified!

In order to create a playlist on Sporcle, you need to verify the email address you used during registration. Go to your Sporcle Settings to finish the process.

Report this User

Report this user for behavior that violates our Community Guidelines.

Details: